[Event "Turning Torso Chess Event 2021"]
[Site "Malmoe"]
[Date "2021.08.21"]
[Round "3.2"]
[White "Grandelius, Nils"]
[Black "Brynell, Stellan"]
[Result "1-0"]
[WhiteElo "2666"]
[BlackElo "2422"]
[Annotator "TA"]
[PlyCount "111"]
[EventDate "2021.08.20"]
[EventType "tourn"]
[EventCountry "SWE"]
[SourceTitle "playchess.com"]
[Source "ChessBase"]
[SourceQuality "1"]

{[%evp 9,111,19,19,19,28,18,18,21,16,28,12,19,21,21,35,18,0,10,29,18,48,59,71,
0,0,0,0,-40,95,85,86,83,102,45,41,34,26,14,7,-65,-75,-102,-104,-258,-47,-119,
-117,-668,-654,-654,-648,-637,-629,-590,-400,-383,-397,-377,-383,-374,-333,
-318,0,-284,-289,-284,-276,-318,-220,-287,-125,-133,-131,-126,-59,-64,-61,-63,
-55,-49,0,-35,-22,-17,0,-7,-15,-118,-88,-214,-95,-101,-104,-225,410,408,391,
392,632,636,572,443,1821,671]} 1. c4 e6 2. g3 f5 3. Bg2 Nf6 4. Nc3 d5 5. Nf3 d4
6. Na4 {A10: English Opening: Unusual Replies for Black.} Nc6 7. O-O e5 8. d3 {
The position is equal.} Be7 9. e3 dxe3 10. Bxe3 O-O 11. Nc3 {[#]} Bd6 $146 ({
Predecessor:} 11... f4 12. gxf4 exf4 13. Bxf4 Nh5 14. Bg3 Bg4 15. h3 Bf5 16.
Nd5 Bd6 17. Bxd6 Qxd6 {1-0 (75) Esipenko,A (2940)-Kane,H (2672) Chess.com INT
2020}) 12. c5 Be7 $1 13. d4 e4 14. Ng5 {Black should prevent Qb3+.} Nd5 {[#]}
15. Qb3 $1 Bxg5 16. Bxg5 (16. Nxd5 Be6 $15) (16. Qxd5+ $16 Kh8 17. Qxd8 Bxd8
18. Rad1) 16... Qxg5 $11 17. Qxd5+ Kh8 18. Nxe4 (18. Rad1 {is interesting.} Qf6
19. Qc4 Be6 20. d5 Ne5 21. Qb4) 18... Qg6 (18... Qe7 $1 $15 19. Nc3 Be6) 19.
Nc3 $16 Be6 20. Qf3 Nxd4 21. Qf4 (21. Qxb7 $16 f4 22. Qe4 (22. Qxc7 f3 $11)
22... Qxe4 23. Bxe4) 21... Rad8 22. Rad1 Qf6 23. Qxc7 {White wants to play
Rfe1.} (23. Bxb7 g5 $17) 23... Rd7 $36 {[%mdl 2048] Black has good play.} 24.
Qa5 ({Better is} 24. Qf4 $11) 24... f4 $15 {Hoping for ...f3.} 25. Ne4 (25.
Qxa7 $2 f3 $19) 25... Qg6 26. c6 $2 {[#]} ({Avoid the trap} 26. Qxa7 $2 f3 $19)
(26. Qb4 $17 a5 27. Qxd4 (27. Qxa5 $2 f3 $19) 27... Rxd4 28. Rxd4) 26... bxc6
$2 (26... f3 $1 $19 {( -> ...Ne2+)} 27. Rxd4 (27. cxd7 {is a self mate.} Ne2+
28. Kh1 Qxe4 29. Rg1 fxg2+ {[%mdl 64] Discovered Attack} 30. Rxg2 Bh3 {[%mdl
64] Pin} 31. Rdg1 Bxg2+ 32. Rxg2 Qb1+ {[%mdl 64] Double Attack} 33. Qe1 Qxe1+
34. Rg1 Qxg1#) 27... Rxd4) 27. Qc5 (27. Rfe1 $15) 27... Rfd8 $17 {Threatens to
win with ...Ne2+.} 28. h3 $2 {[%mdl 8192]} (28. Nc3 $17) 28... Ne2+ $19 {
[%mdl 64] Double Attack, Discovered Attack} 29. Kh2 {next Rxd7 is good for
White.} Rxd1 30. Rxd1 Rxd1 31. Qc2 Rd8 32. Qxe2 Bd5 33. gxf4 Re8 {[%cal Rd5e4]}
34. f3 Qf6 35. Qd2 Qg6 (35... Qh4 $19 36. b3 Rf8) 36. a4 $2 {[%mdl 8192]} (36.
Qe2 $1 $11 {and White has nothing to worry.}) 36... Rf8 37. b4 a6 38. Nc5 h6
39. Nxa6 Re8 (39... Qd6 $19 {and Black stays clearly on top.} 40. Kg3 g5) 40.
Nc5 $17 {[#]} Qb1 $1 41. b5 Bf7 (41... Bc4 $17 42. Ne4 (42. bxc6 $2 Re2 $19)
42... cxb5 43. axb5 Bxb5) 42. bxc6 $15 {Strongly threatening Qd7.} Qb6 {
[%mdl 64] Double Attack} 43. Nd7 Qxc6 44. Ne5 {[%mdl 64] Double Attack} Qc7 {
[%mdl 1024] Black has compensation.} (44... Qd5 $5 {[%cal Rd5d2]} 45. Qb4 Qb3
$11) 45. Qd6 Qe7 46. a5 Bh5 47. Qd4 Ra8 48. Nc6 (48. Qe4 $11 {keeps the
balance.} Qa7 49. Bf1) 48... Qf6 49. Qe4 {[#]} (49. Ne5 $17) 49... Be8 (49...
Bg6 $1 $19 {[%cal Rg6e4]} 50. f5 Bxf5) 50. Ne5 $17 Rxa5 {And now ...Ra4 would
win.} 51. Nc4 (51. Kg3 $17 {was worth a try.}) 51... Ra8 $4 {[%mdl 8192]} 52.
Qxa8 $18 Qxf4+ 53. Kg1 Qc1+ $2 (53... Qd4+ 54. Kh1 Qd1+ 55. Kh2 Qa4) 54. Bf1 {
White is clearly winning.} Qg5+ 55. Kh1 Qc1 (55... Qb5 $142 56. Kh2 Kh7 57.
Bd3+ Bg6) 56. Qxe8+ {Weighted Error Value: White=0.49/Black=0.53} 1-0

[Event "Turning Torso Chess Event 2021"]
[Site "Malmoe"]
[Date "2021.08.21"]
[Round "6.3"]
[White "Schussler, Harry"]
[Black "Blomqvist, Erik"]
[Result "0-1"]
[WhiteElo "2410"]
[BlackElo "2537"]
[Annotator "TA"]
[PlyCount "51"]
[EventDate "2021.08.20"]
[EventType "tourn"]
[EventCountry "SWE"]
[SourceTitle "playchess.com"]
[Source "ChessBase"]
[SourceQuality "1"]

{[%evp 12,51,18,18,16,10,22,14,14,18,18,7,14,0,29,24,22,0,0,0,11,0,0,-29,-6,
-77,-73,-98,-95,-72,-72,-110,-79,-81,-68,-134,-135,-202,-189,-300,-295,-325]}
1. d4 Nf6 2. Nf3 e6 3. c4 Bb4+ 4. Bd2 a5 5. g3 d5 6. Qc2 O-O 7. Bg2 Be7 {
E11: Bogo-Indian.} 8. O-O c6 9. Bg5 h6 {The position is equal.} 10. Bxf6 Bxf6
11. Nbd2 {[%cal Bb1d2,Bd2b3,Bb3d4][%mdl 32] [#]} Na6 $5 $146 {[%cal Bb8a6,
Ba6c5,Bc5e4][%mdl 8] New and interesting.} ({Predecessor:} 11... Nd7 12. e4
dxe4 13. Nxe4 Be7 14. Rad1 Qc7 15. Qc3 b6 16. b3 Bb7 17. Ne5 Rad8 {1-0 (39)
Cmilyte,V (2514)-Demina,J (2323) Antakya 2010}) 12. e4 c5 13. cxd5 exd5 14. e5
Be7 15. dxc5 Nxc5 16. Nb3 Ne4 17. Nbd4 Qb6 18. Rac1 (18. Ne2 $11) 18... Bg4 $17
{White must now prevent ...Bc5.} 19. Qc7 Bc5 20. Qxb6 Bxb6 21. Rc2 Rae8 22.
Rfc1 f6 23. exf6 ({White should try} 23. e6 $1 $15) 23... Rxf6 24. Rf1 (24. h3
$17 Bxf3 25. Nxf3) 24... h5 25. a3 (25. h3 $142) 25... Ref8 $19 26. b4 {
Weighted Error Value: White=0.26/Black=0.09} 0-1